00000000nam 2200000za 4500
0019.841527
003CaOODSP
00520250403105951
007cr |||||||||||
008170912s2017    oncd    obs  f000 0 fre d
020 |a978-0-660-09326-0
040 |aCaOODSP|bfre
043 |an-cn-bc
0861 |aCS11-621/104F-PDF
1001 |aOlineck, Carey.
24510|aOù les Vancouverois sont-ils allés magasiner en 2016? |h[ressource électronique] : |bun aperçu des ventes des magasins de détail de Vancouver selon le type de centre commercial / |cpar Carey Olineck.
24630|aAperçu des ventes des magasins de détail de Vancouver selon le type de centre commercial
260 |a[Ottawa] : |bStatistique Canada, |c2017.
300 |a11 p. : |bgraph. en coul.
4901 |aAnalyse en bref, |x1707-0511 ; |v2017104
500 |aPubl. aussi en anglais sous le titre : Where did Vancouverites go to shop in 2016? A snapshot of Vancouver retail store sales by shopping centre type.
500 |aTitre de la couv.
500 |a« Date de diffusion : le 12 septembre 2017. »
504 |aComprend des références bibliographiques.
520 |a« Cette étude examine le rôle des magasins de détail des centres commerciaux dans la région métropolitaine de recensement (RMR) de Vancouver en 2016. Le secteur canadien de la vente au détail a fait l’objet d’une importante transformation au cours de la dernière décennie, compte tenu de l'essor du magasinage en ligne. De nombreux magasins de détail vendant leurs produits en magasin ont adopté une stratégie de distribution à volets multiples, en créant leurs propres sites de commerce électronique, tout en conservant leurs magasins physiques. Dans le cadre de cette stratégie, bon nombre de ces détaillants conservent des points de vente dans les centres commerciaux. De plus, les propriétaires de centre commercial tentent d’accroître le nombre de clients de leurs magasins en réinventant l’expérience de magasinage, en offrant des services de divertissements et un plus grand choix de services alimentaires. Ainsi, les données sur les ventes des magasins de détail des centres commerciaux deviennent de plus en plus importantes pour les promoteurs de ces centres et les planificateurs urbains » -- Fourni par l'éditeur.
69207|2gccst|aCommerce de détail
69207|2gccst|aVente
69207|2gccst|aStatistiques
7102 |aStatistique Canada.
77508|tWhere did Vancouverites go to shop in 2016? |w(CaOODSP)9.841526
830#0|aAnalyse en bref (Statistique Canada)|x1707-0511 ; |v2017104|w(CaOODSP)9.501126
85640|qPDF|s256 Ko|uhttps://publications.gc.ca/collections/collection_2017/statcan/11-621-m/11-621-m2017104-fra.pdf
986 |a11-621-m2017104